000 00299nam a22001337a 4500
008 181001b xxu||||| |||| 00| 0 eng d
020 _a0471022144
041 _aeng
080 _23rd
_a573
100 _a11
101 _aBIO
245 _aIntroductory Mycology
_cAlexopoulos,C,J
942 _2udc
_cBK
999 _c48750
_d48750